Statystyki dla Stolice stanów USA

Kliknij tutaj aby rozwiązać quiz!

Ogólne statystyki

  • Ten quiz został rozwiązany 9 919 razy
  • Średni wynik to 18 z 50

Statystyki odpowiedzi

StanStolica% Poprawnych
MassachusettsBoston
64%
HawajeHonolulu
60%
KaliforniaSacramento
60%
ArizonaPhoenix
57%
GeorgiaAtlanta
54%
TeksasAustin
54%
KoloradoDenver
54%
IndianaIndianapolis
51%
UtahSalt Lake City
48%
OklahomaOklahoma City
46%
Nowy JorkAlbany
40%
MississippiJackson
38%
Nowy MeksykSanta Fe
38%
OhioColumbus
36%
AlaskaJuneau
36%
AlabamaMontgomery
36%
MontanaHelena
35%
FlorydaTallahassee
35%
Dakota PółnocnaBismarck
34%
ArkansasLittle Rock
34%
OregonSalem
34%
IdahoBoise
33%
TennesseeNashville
33%
IllinoisSpringfield
33%
WaszyngtonOlympia
32%
LuizjanaBaton Rouge
31%
NevadaCarson City
31%
Karolina PołudniowaColumbia
30%
DelawareDover
30%
NebraskaLincoln
30%
Dakota PołudniowaPierre
30%
WirginiaRichmond
30%
KansasTopeka
30%
MarylandAnnapolis
29%
IowaDes Moines
29%
Rhode IslandProvidence
29%
MaineAugusta
28%
WyomingCheyenne
27%
KentuckyFrankfort
27%
ConnecticutHartford
27%
MissouriJefferson City
27%
MinnesotaSaint Paul
27%
PennsylwaniaHarrisburg
26%
Karolina PółnocnaRaleigh
26%
New JerseyTrenton
26%
MichiganLansing
25%
Wirginia ZachodniaCharleston
24%
New HampshireConcord
24%
WisconsinMadison
24%
VermontMontpelier
24%

Rozkład punktacji

Percentyl według liczby udzielonych odpowiedzi

Procent ludzi z każdym wynikiem

Twoja historia wyników

Nie rozwiązałeś tego quizu